| 000 | 00783nam a2200181Ia 4500 | ||
|---|---|---|---|
| 008 | 090630s9999 xx 000 0 und d | ||
| 082 | _b2592 | ||
| 100 | _aसावरकर पद्रमाकर कृष्ण. | ||
| 245 |
_aलालबहादुर शास्त्री. _cसावरकर पद्रमाकर कृष्ण. |
||
| 260 |
_bअरगडे निर्मला ना. _c1969 |
||
| 300 | _a0 | ||
| 600 | _aसावरकर पद्रमाकर कृष्ण. | ||
| 630 | _aलालबहादुर शास्त्री. | ||
| 655 | _aबालवाङमय. | ||
| 700 | _aसावरकर पद्रमाकर कृष्ण. | ||
| 730 | _aलालबहादुर शास्त्री. | ||
| 942 | _cBOOK | ||
| 999 |
_c254448 _d254448 |
||